Revista de derecho procesal 2018 - 2 : revisión de la cosa juzgada civil y penal /
Guardado en:
| Formato: | Libro |
|---|---|
| Idioma: | Spanish |
| Publicado: |
Santa Fe :
Rubinzal - Culzoni,
2018.
|
| Edición: | 1a. ed. rev. |
| Materias: | |
| Etiquetas: |
Agregar Etiqueta
Sin Etiquetas, Sea el primero en etiquetar este registro!
|
| LEADER | 00570nam a22001815a 4500 | ||
|---|---|---|---|
| 001 | DER.der013752 | ||
| 008 | 181115s2018####ag#||||||||||||||#||spa|| | ||
| 005 | 20230613101209.0 | ||
| 245 | 1 | 0 | |a Revista de derecho procesal 2018 - 2 : |b revisión de la cosa juzgada civil y penal / |c Arazi, Roland. |
| 250 | |a 1a. ed. rev. | ||
| 260 | |a Santa Fe : |b Rubinzal - Culzoni, |c 2018. | ||
| 300 | |a 600 p. | ||
| 020 | |a 9789873013263 | ||
| 700 | 1 | |a Arazi, Roland, |e dir. | |
| 650 | 7 | |a FLEXIBILIZACION | |
| 650 | 7 | |a NULIDAD | |
| 650 | 7 | |a INMUTABILIDAD | |
| 859 | |a DERECHO |b BIB. DERECHO |h 347.05 |i REV |p 008822 | ||
